Kỹ thuật hàn điện, cắt và uốn kim loại
Kaydedildi:
| Yazar: | |
|---|---|
| Materyal Türü: | Kitap |
| Dil: | Undetermined |
| Baskı/Yayın Bilgisi: |
Hà Nội
Giao thông Vận tải
2003
|
| Konular: | |
| Etiketler: |
Etiketle
Etiket eklenmemiş, İlk siz ekleyin!
|
| Thư viện lưu trữ: | Trung tâm Học liệu Trường Đại học Cần Thơ |
|---|
| LEADER | 00573nam a2200181Ia 4500 | ||
|---|---|---|---|
| 001 | CTU_121955 | ||
| 008 | 210402s9999 xx 000 0 und d | ||
| 082 | |a 671.5 | ||
| 082 | |b K600 | ||
| 100 | |a Chung, Thế Quang ... [ et al.] | ||
| 245 | 0 | |a Kỹ thuật hàn điện, cắt và uốn kim loại | |
| 245 | 0 | |c Chung Thế Quang...[ et al.] | |
| 260 | |a Hà Nội | ||
| 260 | |b Giao thông Vận tải | ||
| 260 | |c 2003 | ||
| 650 | |a Metal-cutting,Welding,Metal-working | ||
| 904 | |i Minh | ||
| 980 | |a Trung tâm Học liệu Trường Đại học Cần Thơ | ||